La Liberté de religion dans la République : L’esprit de laïcité (notice n° 1511703)
[ vue normale ]
| 000 -LEADER | |
|---|---|
| fixed length control field | 01348cam a2200133 4500500 |
| 005 - DATE AND TIME OF LATEST TRANSACTION | |
| control field | 20251012000702.0 |
| 041 ## - LANGUAGE CODE | |
| Language code of text/sound track or separate title | fre |
| 042 ## - AUTHENTICATION CODE | |
| Authentication code | dc |
| 100 10 - MAIN ENTRY--PERSONAL NAME | |
| Personal name | Picq, Jean |
| Relator term | author |
| 245 00 - TITLE STATEMENT | |
| Title | La Liberté de religion dans la République : L’esprit de laïcité |
| 260 ## - PUBLICATION, DISTRIBUTION, ETC. | |
| Name of publisher, distributor, etc. | Odile Jacob,<br/> |
| Date of publication, distribution, etc. | 2014.<br/> |
| 520 ## - SUMMARY, ETC. | |
| Summary, etc. | Comment concilier l’exigence de neutralité, que la laïcité impose à l’État, et le besoin légitime qu’éprouvent les croyants d’exprimer leurs convictions religieuses, y compris dans l’espace public ? La religion peut-elle rester circonscrite au for intérieur,comme le veut une tradition républicaine française défensive, voire méfiante, à l’égard de l’expression religieuse ? Une conception plus souple de la laïcité ne risque-t-elle pas de faire le lit des passions religieuses, de plus en plus souvent instrumentalisées à des fins politiques ? Face à ces questions sensibles entre toutes, Jean Picq va puiser chez les philosophes politiques - de Spinoza à Claude Lefort, de Paul Ricoeur à Marcel Gauchet -, pour défendre une laïcité plurielle et ouverte. Il montre qu’elle est fondamentalement un art de vivre ensemble. Encore et toujours à construire... |
| 856 41 - ELECTRONIC LOCATION AND ACCESS | |
| Uniform Resource Identifier | <a href="https://shs.cairn.info/la-liberte-de-religion-dans-la-republique--9782738131249?lang=fr&redirect-ssocas=7080">https://shs.cairn.info/la-liberte-de-religion-dans-la-republique--9782738131249?lang=fr&redirect-ssocas=7080</a> |
Pas d'exemplaire disponible.




Réseaux sociaux